000 00437nam a2200181Ia 4500
001 12404
005 20260306162939.0
008 260306t2022||||xx |||||||||||||| ||spa||
041 _aESP
082 _aHR 345.2
_bT. 7 JUL-DIC 2022 GLP
110 _aGaceta Jurídica
245 0 _aGaceta de litigación penal
260 _c2022
300 _a183 páginas :
_c25 cm.
650 _aGEN
654 _aCDE
942 _cREV
_dJUS
_fJUS
_2ddc
_n
999 _c12404
_d12404